000 00309nam a22001217a 4500
040 _cHS
082 _a657
100 _aអេង លេង
245 _aFinancial accounting គណនេយ្យហិរញ្ញវត្ថុ
260 _aRUA
_bអេង លេង
_c2008
300 _a40p;
942 _cKB
999 _c10064
_d10064